[Event "Niska Banja op"]
[Site "Niska Banja"]
[Date "2017.03.31"]
[Round "2"]
[White "Stamenkovic, Ivan"]
[Black "Vasic, Blagoje"]
[Result "0-1"]
[WhiteElo "1558"]
[BlackElo "1899"]
[PlyCount "122"]
[EventDate "2017.03.30"]
[EventType "swiss"]
[EventRounds "5"]
[EventCountry "SRB"]
[SourceTitle "CBM 177 Extra"]
[Source "ChessBase"]
[SourceDate "2017.04.27"]
[SourceVersion "1"]
[SourceVersionDate "2017.04.27"]
[SourceQuality "1"]

1. e4 e5 2. Nf3 Nc6 3. Bb5 a6 4. Ba4 d6 5. 0-0 Bd7 6. c3 g6 7. Re1 Bg7 8. d4 Nge7 9. Bg5 f6 10. Be3 b5 11. Bc2 0-0 12. h3 Kh8 13. Nbd2 Qb8 14. Nf1 Qb7 15. Ng3 Rae8 16. Nh2 Nc8 17. f4 Nb6 18. f5 Nc4 19. Bc1 b4 20. Kh1 a5 21. d5 Ne7 22. b3 Nb6 23. c4 Ra8 24. Be3 Nbc8 25. Qd2 Rd8 26. Ng4 Ng8 27. Nh6 Nxh6 28. Bxh6 Ne7 29. Rf1 Rf8 30. Be3 Nc8 31. h4 Kg8 32. h5 g5 33. Bxg5 fxg5 34. Qxg5 h6 35. Qg6 Be8 36. Qg4 Rf6 37. Rf3 c5 38. Nf1 Qf7 39. Rg3 Ra7 40. Bd1 Nb6 41. Nh2 Nd7 42. Qf3 Nf8 43. Kg1 Nh7 44. Ng4 Qxh5 45. Nxf6+ Nxf6 46. Qe3 Qh4 47. Be2 Kh7 48. Rf1 Qxe4 49. Qxe4 Nxe4 50. Rh3 Ng5 51. Rg3 Bf6 52. Bg4 a4 53. Kh2 e4 54. Re3 axb3 55. axb3 Ra2 56. Kh1 h5 57. Bh3 Kh6 58. Rfe1 Rb2 59. Rxe4 Nxe4 60. Rxe4 Be5 61. g4 Rxb3 0-1